000 00777nam a2200205Ia 4500
003 GCL
008 140319s9999 xx 000 0 ara d
040 _aGCL /
_cGCL
082 0 4 _a390.24
_bا ع
100 1 _aاحمد عويدى العبادى
245 1 0 _aالعادات والتقاليد البدوية :
_bمنذ الينابيع حتى وفاة ابن رشد ( 1198) /
_cاحمد عويدى العبادى
250 _aالاولى
260 _aالاردن :
_bمكتبة المحتسب ،
_c2006
300 _a600 ص ؛
_c24 سم
650 0 4 _aالبدو
650 0 4 _aالبدو - العادات والتقاليد
650 0 4 _aالقبائل العربية - العادات والتقاليد
650 0 4 _aالمجالس الشعبية
942 _2ddc
_cBK
999 _c8340
_d8340